| 000 | 00785nac a22002291u 4500 | ||
|---|---|---|---|
| 010 | _a 83009340 | ||
| 020 | _a0070124582 : | ||
| 082 | 0 | 0 |
_a621.3076 _bCON |
| 090 |
_c5345 _d5345 |
||
| 100 | _aConstance, John Dennis | ||
| 245 | 1 | 0 |
_aElectrical engineering for professional engineers' examinations / _cJohn D. Constance. |
| 250 | _a4th ed. | ||
| 260 |
_aNew York : _bMcGraw-Hill,1984 _cc1984. |
||
| 300 |
_axxxi, 461 p. : _bill. ; _c21 cm. |
||
| 500 | _aIncludes index. | ||
| 500 | _adistributer: Al-Ahram | ||
| 504 | _aBibliography: p. 449-451. | ||
| 511 | _acatalogued by: wessam | ||
| 650 | 0 |
_aElectric engineering _xProblems, exercises, etc. |
|
| 650 | 0 |
_aElectric engineering _xExaminations, questions, etc. |
|
| 942 |
_cBB _k621.3076CON |
||
| 999 |
_c5345 _d5345 |
||